Normal view
MARC view
- بقلم ناكاتا، حبيبة كاؤري؛ تقديم سمير عبد الحميد إبراهيم
Entry Personal Name
001 - CONTROL NUMBER
- control field: 49042
003 - CONTROL NUMBER IDENTIFIER
- control field: JO-AjAnu
005 - DATE AND TIME OF LATEST TRANSACTION
- control field: 20230606082102.0
008 - FIXED-LENGTH DATA ELEMENTS
- fixed length control field: 230606|| aca||aabn | a|a d
040 ## - CATALOGING SOURCE
- Original cataloging agency: JO-AjAnu
- Transcribing agency: JO-AjAnu
100 ## - HEADING--PERSONAL NAME
- Personal name: بقلم ناكاتا، حبيبة كاؤري؛ تقديم سمير عبد الحميد إبراهيم
670 ## - SOURCE DATA FOUND
- Source citation: Work cat.: (JO-AjAnu)25084: بقلم ناكاتا، حبيبة كاؤري؛ تقديم سمير عبد الحميد إبراهيم, author, العام الأول على درب الإسلام